Nostalgie années 2000 - Statistiques

Statistiques générales
  • Ce quiz a été pris 76 fois
    52 depuis la dernière actualisation
  • Le résultat moyen est 6 sur 12
Statistiques - réponses
Hint Réponse % Correct
👟 6. Quelle marque de chaussures qu’on portait en primaire avait des trous sur les côtés censés laisser passer l’air ? Geox
73%
🛁 5. Quelle pâte gluante vendue en petit pot permettait de faire des “pets” en enfonçant son doigt dedans ? Pate à prout
73%
🌀 11. Comment s’appelait la toupie en plastique avec un lanceur, qu’on faisait s’affronter dans une arène en criant “Let it rip !” ? Beyblade
65%
📦 12. Quel émission télévisée pour enfant passait sur Gulli et était présentée par Joan Faggianelli ? (Le plateau était vert et les participants en famille) In Ze Boîte
63%
🦒 3. Quel est le vrai nom de marque de la célèbre girafe en caoutchouc que les bébés mâchouillaient dès la naissance ? Sophie la girafe
56%
🍬 1. Quelle bille rose ou marron ultra-acide, vendue en boulangerie et qui t'arrachait la bouche ? Têtes brûlées
48%
🍭 7. Quel bonbon avait plusieurs couches de couleurs, un cœur chewing-gum et pouvait durer toute la récré s’il ne te tuait pas avant ? Boule de Mammouth
44%
🧸 8. Comment s’appelait la collection de petits animaux colorés avec des grosses têtes, qu’on collectionnait surtout en CE1-CE2 ? Petshop
42%
🧃 2. Quelle boisson, vendue dans une petite bouteille avec un bouchon sport, était omniprésente dans les goûters de primaire, surtout chez les CP ? Fruit Shoot
31%
🎮 4. Quel jouet-photo couleur bleu/violet était vendu comme un "appareil numérique pour enfants", souvent offert à Noël ? Kidizoom
31%
🏆 9. Quel jouet à collectionner en forme de petite balle en mousse était présent dans les paquets de céréales ? (avec un par pays) Oofball
31%
🎡 10. Comment s’appelait le jouet en plastique en forme d’arbre avec un ascenseur, une balançoire et une salle de bain rose ? L’Arbre magique
4%
Aucun quiz correspondant
Distribution des résultats
% des personnes avec chaque résultat
Percentile par nombre de réponses
Votre historique - résultats
Vous n’avez pas pris ce quiz depuis la dernière actualisation